Aquarelle aus dem Turner-Nachlass im Britischen Museum (Record no. 4998)

MARC details
000 -CABECERA
campo de control de longitud fija 00906nam a2200253 a 4500
001 - NÚMERO DE CONTROL
campo de control BRCA_5304
005 - FECHA Y HORA DE LA ÚLTIMA TRANSACCIÓN
campo de control 20190320205026.0
008 - DATOS DE LONGITUD FIJA--INFORMACIÓN GENERAL
campo de control de longitud fija 021210s1950----enka######---#000-0#ger-#
041 ## - CÓDIGO DE LENGUA
Código de lengua del texto/banda sonora o título independiente ger
044 ## - CÓDIGO DEL PAÍS DE LA ENTIDAD EDITORA/PRODUCTORA
Código MARC del país enk
050 #4 - SIGNATURA TOPOGRÁFICA DE LA BIBLIOTECA DEL CONGRESO
Número de clasificación ND497
Número de documento/Ítem .A68
-- 1950
245 10 - MENCIÓN DE TÍTULO
Título Aquarelle aus dem Turner-Nachlass im Britischen Museum
Mención de responsabilidad, etc. veranstaltet von British Council.
260 ## - PUBLICACIÓN, DISTRIBUCIÓN, ETC.
Lugar de publicación, distribución, etc. Inglaterra
Nombre del editor, distribuidor, etc. [Curwen]
Fecha de publicación, distribución, etc. 1950
300 ## - DESCRIPCIÓN FÍSICA
Extensión 15 p.
Otras características físicas il. color, 12 láminas
Dimensiones 24 cm.
500 ## - NOTA GENERAL
Nota general Título en cubierta: Turnes 1775-1851 Aquarelle
500 ## - NOTA GENERAL
Nota general Incluye catálogo de las obras que se expusieron en el British Museum Britischen de 1950-1951
500 ## - NOTA GENERAL
Nota general E82
600 14 - PUNTO DE ACCESO ADICIONAL DE MATERIA--NOMBRE DE PERSONA
Nombre de persona Turner, Joseph Mallord William
Fechas asociadas al nombre 1775-1851
9 (RLIN) 13603
650 14 - PUNTO DE ACCESO ADICIONAL DE MATERIA--TÉRMINO DE MATERIA
Término de materia o nombre geográfico como elemento de entrada Acuarelas inglesas
Subdivisión de forma Exposiciones
Subdivisión geográfica Inglaterra
9 (RLIN) 13604
650 14 - PUNTO DE ACCESO ADICIONAL DE MATERIA--TÉRMINO DE MATERIA
Término de materia o nombre geográfico como elemento de entrada Galerías y museos
Subdivisión geográfica Inglaterra
9 (RLIN) 13605
710 2# - PUNTO DE ACCESO ADICIONAL--NOMBRE DE ENTIDAD CORPORATIVA
Nombre de entidad corporativa o nombre de jurisdicción como elemento de entrada British Museum (Londres)
9 (RLIN) 13606
902 ## - CATALOGADOR
Iniciales GFM
942 ## - ELEMENTOS DE PUNTO DE ACCESO ADICIONAL (KOHA)
Fuente del sistema de clasificación o colocación Library of Congress Classification
Tipo de ítem Koha Libros
Holdings
Estado de retiro Estado de pérdida Estado dañado No para préstamo Localización permanente Ubicación/localización actual Fecha de adquisición Número de inventario Total de préstamos Signatura topográfica completa Código de barras Fecha visto por última vez Precio válido a partir de Tipo de ítem Koha
El ejemplar forma parte de la colección y puede ser consultado según las políticas vigentes.       Biblioteca del Museo Franz Mayer (Rogerio Casas-Alatriste) Biblioteca del Museo Franz Mayer (Rogerio Casas-Alatriste) 02/12/2010 E82   ND497 .A68 1950 (E82) 5739 22/03/2019 22/03/2019 Libros